000 00556nam a2200217Ia 4500
003 OSt
005 20220928142227.0
006 a|||||r|||| 00| 0
007 ta
008 220927b |||||||| |||| 00| 0 eng d
024 _a18816
037 _cTextual
040 _aSDCL
_cSDCL
_beng
041 _2eng
_aeng
082 _aW:28.1'N8, M2
100 _aTummala Krishna K Ed.
_9503017
245 0 _aAdministrative systems abroad
260 _c1982
942 _hW:28.1'N8, M2
_cTEXL
_2CC
999 _c821023
_d821023